| 000 | 00614nam a2200217 a 4500 | ||
|---|---|---|---|
| 005 | 20240831063709.0 | ||
| 008 | 071126s2002 es r 000 0 spa d | ||
| 020 | _a8489804109 | ||
| 035 | _aUPN01000153653 | ||
| 049 | _aI | ||
| 050 | 4 |
_aPZ76.3 _bB8.2 2002 |
|
| 100 | 1 | _aBuchholz, Quint | |
| 245 | 1 | 0 |
_aDuerme bien, pequeño oso / _cQuint Buchholz. |
| 250 | _a2a ed. | ||
| 260 |
_aSalamanca [Esp.] : _bLóguez, _c2002. |
||
| 300 |
_a[30] p. : _bil. col. |
||
| 650 | 4 |
_aCuentos infantiles españoles _97725 |
|
| 650 | 4 |
_aOSOS DE FELPA - _vCUENTOS Y LEYENDAS _98598 |
|
| 905 | _aInfantil | ||
| 999 |
_c125774 _d125774 |
||